<?xml version="1.0" encoding="UTF-8"?>
<record
    xmlns:xsi="http://www.w3.org/2001/XMLSchema-instance"
    xsi:schemaLocation="http://www.loc.gov/MARC21/slim http://www.loc.gov/standards/marcxml/schema/MARC21slim.xsd"
    xmlns="http://www.loc.gov/MARC21/slim">

  <leader>007090000a22002170004500</leader>
  <datafield tag="090" ind1=" " ind2=" ">
    <subfield code="a">SERIADAS</subfield>
  </datafield>
  <datafield tag="100" ind1="1" ind2=" ">
    <subfield code="a">Lagos L&#xF3;pez, Mayer Isnardo</subfield>
    <subfield code="9">100759</subfield>
  </datafield>
  <datafield tag="700" ind1="1" ind2=" ">
    <subfield code="a">Morales Puentes, Mar&#xED;a Eugenia</subfield>
    <subfield code="9">26869</subfield>
  </datafield>
  <datafield tag="245" ind1="1" ind2="0">
    <subfield code="a">Bri&#xF3;fitos re&#xF3;filos de Tres Quebradas del p&#xE1;ramo de Mamapacha, Chinavita (Boyac&#xE1;-Colombia)</subfield>
  </datafield>
  <datafield tag="044" ind1=" " ind2=" ">
    <subfield code="a">Colombia</subfield>
  </datafield>
  <datafield tag="041" ind1="0" ind2=" ">
    <subfield code="a">Espa&#xF1;ol</subfield>
  </datafield>
  <datafield tag="650" ind1="1" ind2="4">
    <subfield code="a">Bri&#xF3;fitas</subfield>
    <subfield code="9">96184</subfield>
  </datafield>
  <datafield tag="650" ind1="1" ind2="4">
    <subfield code="a">Inventarios de flora</subfield>
    <subfield code="9">93543</subfield>
  </datafield>
  <datafield tag="650" ind1="1" ind2="4">
    <subfield code="a">Morfolog&#xED;a vegetal</subfield>
    <subfield code="9">18295</subfield>
  </datafield>
  <datafield tag="650" ind1="1" ind2="4">
    <subfield code="a">Musgos</subfield>
    <subfield code="9">96173</subfield>
  </datafield>
  <datafield tag="650" ind1="1" ind2="4">
    <subfield code="a">Hep&#xE1;ticas</subfield>
    <subfield code="9">13908</subfield>
  </datafield>
  <datafield tag="650" ind1="1" ind2="4">
    <subfield code="a">Antoceros</subfield>
    <subfield code="9">100760</subfield>
  </datafield>
  <datafield tag="651" ind1=" " ind2="4">
    <subfield code="p">Boyac&#xE1;</subfield>
    <subfield code="l">P&#xE1;ramo de Mamapacha</subfield>
    <subfield code="9">92749</subfield>
  </datafield>
  <datafield tag="942" ind1=" " ind2=" ">
    <subfield code="c">ARTICULO</subfield>
  </datafield>
  <datafield tag="773" ind1="1" ind2=" ">
    <subfield code="t">Acta Biol&#xF3;gica Colombiana</subfield>
    <subfield code="h">1</subfield>
    <subfield code="q">143-159</subfield>
    <subfield code="d">2008</subfield>
    <subfield code="g">13</subfield>
  </datafield>
  <datafield tag="999" ind1=" " ind2=" ">
    <subfield code="c">16405</subfield>
    <subfield code="d">16405</subfield>
  </datafield>
</record>
